Schlechte Deutschraplines zuordnen - Statistiken

Allgemein
  • Dieses Quiz wurde 33 mal gespielt
  • Das Durchschnittsergebnis liegt bei 5 aus 15
Antwortstatistiken
Frage Antwort % Korrekt
"Mama, mach dir keine Sorgen, als ich geboren wurde, war ich schon gestorben. Mein Kopf um die Nabelschnur" Samra
53%
"Ich vögel viel mehr als Vögel, ihr Vögel, und pöbel, pöbel und pöbel und pöbel" Bushido
50%
"Du hast ein Hunderttausend-Euro-Kette, zieh ihn aus" Kurdo
43%
"Was ich dir eigentlich sagen will, du Lutscher, ist, dass du ein Lutscher bist, ja, du Lutscher" Xatar
43%
"Wenn du uns siehst, wirst du ruhig, als hättest du ein Glas verschluckt. 187 Partnerlook, Stars im Hood" Bonez MC
40%
"Ich kann jetzt wie ein Diktator dieses Land locker führen und kein Mann hat was zu sagen, wenn er anklopft an der Tür, wenn er anklopft an der Tür und verdammt nochmal spürt, dass der grüne Schwanz von Hulk noch sein Arschloch berührt" Chakuza
40%
"Ich habe Sammlungen, geh auf Versammlungen, Organgeschäfte - habe some Lungen" Eko Fresh
40%
"Jeden Tag, machen alles für die Bras, manchmal ist es für ein Arsch, ess' ein Snickers auf dem Mars, yay, yay" Fero47
40%
"Die Pressekonferenz leite ich vom.Schaukelstuhl, indem ich meinen fetten Schwanz nach außen hol" Massiv
40%
"Du bist ein Arbeitsloser, ich bin dein Arbeitgeber. Dass ich dich nicht gleich gefickt habe, war ein Fehler." Fler
33%
"Wie siehst du aus? Denkst, Penner sein ist Underground. Frag nicht, ob ich Gangster bin, sonst brenn' ich dir dein Haus ab!" Fler
33%
"Yeah! Ich finde Mobbing ganz gut. Schnellfickerhose - mein Jogginganzug" Bushido
27%
"Ich guck euch an und ihr Tunten seid bescheuert. Du willst ficken, hast du heute schon dein'n Unterleib gesäubert?" Bushido
20%
"Eine Line in deine Richtung; du bist ein gebumster Rapper, ein gebumster Gangster, ein gefickter Frosch, meine Jungs wollen mit dir Fußball spielen wie mit Hitlers Kopf" Olli Banjo
20%
"Schau die Gangsterrapper an, ich kann fast nicht hinsehen. Allein vor mir und ihr macht Pipi - Astrid Lindgren" Toony
17%
Keine übereinstimmenden Quizze gefunden
Verteilung der Resultate
Anzahl Personen mit jedem Resultat
Perzentil nach korrekt beantworteten Fragen
Ihre Resultats-Entwicklung
Sie haben dieses Quiz noch nicht gespielt